000 00876nam a22002295i 4500
001 154736
003 ES-MaACL
005 20251221185941.0
008 040709s1866 gw |||| | ger d
040 _aCAM
_bspa
_cCAM
100 1 _aGraetz, Heinrich,
_d1817-1891
_9127523
245 1 0 _aGeschichte der Juden vom Untergang des jüdischen Staates bis zum Abschluk des Talmud /
_cvon H. Graetz.
250 _a2. stark ver. und verb. Aufl.
260 _aLeipzig :
_bOskar Leiner,
_c1866.
300 _aXII, 508 p. ;
_c21 cm.
490 1 _aGeschichte der Juden von den ältesten Zeiten bis auf die Gegenwart ;
_v4
650 _aJudíos-
_vHistoria.
_913994
651 4 _aIsrael-
_xHistoria.
_98858
830 0 _aGeschichte der Juden von den ältesten Zeiten bis auf die Gegenwart
_v4
_9187903
852 _aES-MaACL
_jG-2576
_z-- Enc. hol.
999 _c154736
_d154736